Там шепчутся белые ночи мои: Избранные стихи поэтов серебряного века : [Для старшего школьного возраста]

Bibliographic Details
Other Authors: Кралин М. (составитель), Бродский В. В. (иллюстратор)
Language:Russian
Published: Ленинград, Детская литература, 1991
Subjects:
Format: MixedMaterials Book
KOHA link:https://koha.lib.tpu.ru/cgi-bin/koha/opac-detail.pl?biblionumber=123506

MARC

LEADER 00000nam0a2200000 4500
001 123506
005 20231031130506.0
010 |a 5080000953 
020 |a RU  |b 91-13275 
035 |a (RuTPU)RU\TPU\book\133684 
090 |a 123506 
100 |a 20071017d1991 d a0rusy5003 ca 
101 0 |a rus 
102 |a RU 
105 |a a z 000zy 
200 1 |a Там шепчутся белые ночи мои  |e Избранные стихи поэтов серебряного века : [Для старшего школьного возраста]  |f сост., вступ. ст. и примеч. М. Кралин; худож. В. В. Бродский 
210 |a Ленинград  |c Детская литература  |c Ленингр. отд-ние  |d 1991 
215 |a 254,[1] с.  |c ил.  |d 17 см 
327 1 |a Содерж.: Авт.: И. Анненский, Ф. Сологуб, Д. Мережковский, В. Иванов, М. Лохвицкая, З. Гиппиус, М. Кузмин, М. Волошин, А. Блок, Н. Недоброво и др. 
610 1 |a русская литература 
610 1 |a поэзия 
610 1 |a Серебряный век 
610 1 |a Петербург 
610 1 |a 20 век 
675 |a Р1  |z rus 
702 1 |a Кралин  |b М.  |4 220 
702 1 |a Бродский  |b В. В.  |4 440 
801 0 |a RU  |b RuMRKP  |c 19950417  |g psbo 
801 1 |a RU  |b 63413507  |c 20071017  |g PSBO 
801 2 |a RU  |b 63413507  |c 20071017  |g PSBO 
942 |c BK